Vplyv hospodárskej krízy na marketingový mix vybranej spoločnosti bakalárska práca

Na minha lista:
Detalhes bibliográficos
Autor principal: Fuzáková, Iveta
Autor Corporativo: Obchodná fakulta EU. Katedra medzinárodného obchodu
Outros Autores: Šimorová, Lenka
Formato: Livro
Idioma:eslovaco
Publicado em: Bratislava 2012
Tags: Adicionar Tag
Sem tags, seja o primeiro a adicionar uma tag!

MARC

LEADER 00000nbm a2200000 4500
001 0154324
005 20161109111835.7
041 0 |a slo 
044 |a SK 
245 1 0 |a Vplyv hospodárskej krízy na marketingový mix vybranej spoločnosti  |b bakalárska práca  |c Iveta Fuzáková ; školiteľ: Lenka Šimorová 
264 1 |a Bratislava  |c 2012 
300 |a 47 s. 
100 1 |a Fuzáková, Iveta 
700 1 |a Šimorová, Lenka 
710 2 |a Obchodná fakulta EU. Katedra medzinárodného obchodu